000 00411nam a22001697a 4500
005 20180718122208.0
008 160512b xxu||||| |||| 00| 0 eng d
020 _a0-7069-9879-9
041 _aeng
082 _b1709
_a658.1511
100 _aPandey, I.M.
_94550
245 _aManagement Accounting
260 _aNew Delhi
_bVikas Publishing
_c1983
300 _a608p,
650 _aManagement
_9241
942 _cBK
999 _c662
_d662